Patelski, Mariusz. Generał broni Tadeusz Jordan Rozwadowski. - Warszawa : Rytm. - 2002 [Rezension]

Titel: Patelski, Mariusz. Generał broni Tadeusz Jordan Rozwadowski. - Warszawa : Rytm. - 2002 [Rezension]
Verfasser:
In: Athenaeum, Band 12 (2004), Seite 285-288
alle Artikel anzeigen
Veröffentlicht: 2004
Format: Aufsatz
Sprache: Polnisch
Kein Bild verfügbar
X
alg: 39476420
001A    $01999:12-11-16 
001B    $06050:14-08-23 $t13:44:42.000 
001D    $01999:12-11-16 
001U    $0utf8 
001X    $00 
002@    $0Aox 
003@    $039476420X 
007A    $039476420X $aHEB 
007T    $0Herdc0001266m 
010@    $apol 
011@    $a2004 
021A    $aPatelski, Mariusz. Generał broni Tadeusz Jordan Rozwadowski. - Warszawa : Rytm. -  2002 [Rezension] 
028A    $aOrłowski $dMarek 
031A    $d12 $h285-288 $j2004 
039B    $aIn $8--Abvc--. Athenaeum. - Toruń : Marszałek, 1997-. - ISSN 1505-2192 $x200400000120000715 $9094649901 
039T    $8--Aau--Patelski, Mariusz$Z1967- [Tp3]. Generał broni Tadeusz Jordan Rozwadowski. - Wyd. 1. - Warszawa : Rytm, 2002. - 461 S.. - Ill.. - ISBN 83-88794-92-2 $9116255978 
045F    $a900.9438 $eDDC23BSB 
045F/01 $a900 
045F/03 $g438 
045T    $aOST $qDE-12 $2FID 

lok: 39476420 78

exp: 39476420 78 1 #EPN
201B/01 $018-11-16 $t12:39:24.000 
201U/01 $0utf8 
203@/01 $0791062813 
208@/01 $a12-11-16 $be 
209A/01 $a/ $f000 $x00 
220C/01 $aTitelaufnehmer: cs 
244Z/01 $2Trx $#Poola $#Lenkija $#Polija $#Polen Land $#Poland $#Lengyelország $#Poľsko $#Polsko $8--Trx--Polska$gkraj $x01 $9391345966 
244Z/01 $2Trx $#arvustused $#recenzijos $#Reviews $#recenziók $#recenzje $#recenzie $#recenze $8--Trx--Rezensionen $x02 $9391357441 
247C/01 $82080>Marburg/Lahn, Herder-Institut, Forschungsbibliothek, Bibliographieportal $9336309341
LEADER 00000caa a22000002c 4500
001 39476420X
003 DE-603
005 20230814134442.0
007 tu
008 161112s2004 xx |||| | u00||u|pol c
035 |a (DE-599)HEB39476420X 
040 |a DE-603  |b ger  |c DE-603  |d DE-603 
041 |a pol 
082 0 4 |8 1\u  |a 900.9438  |q DE-101  |2 23/BSB 
084 |a OST  |q DE-12  |2 fid 
085 |8 1\u  |b 900 
085 |8 1\u  |z 2  |s 438 
100 1 |a Orłowski, Marek 
245 0 0 |a Patelski, Mariusz. Generał broni Tadeusz Jordan Rozwadowski. - Warszawa : Rytm. - 2002 [Rezension] 
264 0 |c 2004 
773 0 8 |i In  |t Athenaeum  |d Toruń : Marszałek, 1997-  |x 1505-2192  |g Band 12 (2004), Seite 285-288  |w (DE-603)094649901  |w (DE-600)2031974-5 
787 0 8 |i Rezension von  |a Patelski, Mariusz, 1967-  |t Generał broni Tadeusz Jordan Rozwadowski  |b Wyd. 1  |d Warszawa : Rytm, 2002  |h 461 S., Ill.  |z 8388794922  |w (DE-603)116255978 
924 0 |9 2080  |a (DE-603)791062813  |b DE-2080  |c HES  |d d  |g /